| 000 | 00396nam a2200169Ia 4500 | ||
|---|---|---|---|
| 999 |
_c10401 _d10401 |
||
| 003 | OSt | ||
| 005 | 20220316170845.0 | ||
| 008 | 220308s9999 xx 000 0 und d | ||
| 020 | _a9780486206455 | ||
| 082 | _a720 | ||
| 100 | _aVitruvius | ||
| 245 | 0 | _aVitruvius The Ten Books On Architecture | |
| 260 | _b Dover Publications Inc. | ||
| 365 | _cUSD | ||
| 365 | _d12.95 | ||
| 942 | _2ddc | ||